[Event "Frankfurt Ch A 2017"]
[Site "Ffm-Höchst, BiKuZ"]
[Date "2017.05.15"]
[Round "4.31"]
[White "Senatov, Boris"]
[Black "Fröhlich-Dill, Astrid"]
[Result "0-1"]
[WhiteElo "1558"]
[BlackElo "1810"]
[PlyCount "56"]
[EventDate "2017.??.??"]
[WhiteTeam "SC Heusenstamm"]
[BlackTeam "SV Hofheim"]

1. e4 c5 2. c3 Nc6 3. d4 cxd4 4. cxd4 d5 5. exd5 Qxd5 6. Nf3 e6 7. Nc3 Bb4 8.
Bd2 Qd8 9. Bb5 Nge7 10. O-O O-O 11. Bf4 Nd5 12. Nxd5 Qxd5 13. Ba4 Ne7 14. Bc2
Ng6 15. Bg3 Bd7 16. a3 Be7 17. Re1 Rac8 18. Ne5 Be8 19. Be4 Qb5 20. Nxg6 hxg6
21. d5 f5 22. Bf3 f4 23. Rxe6 fxg3 24. Rxe7 gxf2+ 25. Kh1 Qxb2 26. d6 Bc6 27.
Rb1 Rxf3 28. gxf3 Qxb1 0-1

[Event "Frankfurt Ch A 2017"]
[Site "Ffm-Höchst, BiKuZ"]
[Date "2017.05.15"]
[Round "4.32"]
[White "Panosch, Walter"]
[Black "Menning, Uwe"]
[Result "0-1"]
[WhiteElo "1456"]
[BlackElo "1795"]
[PlyCount "54"]
[EventDate "2017.??.??"]
[WhiteTeam "SC Matt im Park"]
[BlackTeam "FC Bierstadt"]

1. d4 d5 2. Nf3 Nf6 3. Bf4 Bf5 4. e3 e6 5. Bd3 Bg4 6. Be2 Be7 7. Nbd2 Nbd7 8.
c3 c6 9. O-O O-O 10. Qe1 Qb6 11. b3 Ba3 12. Ne5 Bxe2 13. Qxe2 Qd8 14. Bg5 Qe8
15. f4 Bb2 16. Nxd7 Nxd7 17. Rab1 Bxc3 18. Nf3 Bb4 19. Ne5 f6 20. Nxd7 Qxd7 21.
Bh4 Rae8 22. Qg4 Qf7 23. Rbd1 Qg6 24. Qe2 Qe4 25. g4 e5 26. f5 exd4 27. Rxd4
Qxd4 0-1

[Event "Frankfurt Ch A 2017"]
[Site "Ffm-Höchst, BiKuZ"]
[Date "2017.05.15"]
[Round "4.34"]
[White "Illenberger, Dirk"]
[Black "Wagner, Günter"]
[Result "1/2-1/2"]
[WhiteElo "1737"]
[BlackElo "1666"]
[PlyCount "36"]
[EventDate "2017.??.??"]
[WhiteTeam "Berkershm"]
[BlackTeam "SV Groß-Gerau"]

1. e4 d6 2. Nc3 Nf6 3. f4 g6 4. Nf3 Bg7 5. Bc4 O-O 6. O-O Nxe4 7. Nxe4 d5 8.
Bd3 dxe4 9. Bxe4 Nd7 10. c3 Nf6 11. Bc2 c5 12. d4 cxd4 13. Nxd4 Qb6 14. Qe1 Nd5
15. Qf2 Bd7 16. Rd1 Rad8 17. Nb3 Qxf2+ 18. Kxf2 Nf6 1/2-1/2

[Event "Frankfurt Ch A 2017"]
[Site "Ffm-Höchst, BiKuZ"]
[Date "2017.05.15"]
[Round "4.36"]
[White "Beinrucker, Markus"]
[Black "Stricker, Konstantin"]
[Result "1-0"]
[WhiteElo "1887"]
[BlackElo "1660"]
[PlyCount "89"]
[EventDate "2017.??.??"]
[WhiteTeam "SK Niederbrechen"]
[BlackTeam "SC Eschbach"]

1. d4 d5 2. Bf4 c6 3. c3 Nf6 4. e3 Bf5 5. Nf3 Nbd7 6. Be2 h6 7. h3 e6 8. Nbd2
c5 9. Ne5 Nxe5 10. Bxe5 Nd7 11. Bg3 Rc8 12. a4 a6 13. Nf3 c4 14. a5 Be7 15. b3
b5 16. axb6 Nxb6 17. Rxa6 O-O 18. b4 Ra8 19. Ra5 Qd7 20. O-O Rxa5 21. bxa5 Na4
22. Qd2 Ra8 23. Ra1 Bd8 24. Ne5 Qb5 25. Bh5 g6 26. Bg4 Bxg4 27. hxg4 Rxa5 28.
e4 g5 29. exd5 exd5 30. Re1 Qb2 31. Qxb2 Nxb2 32. Nc6 Bb6 33. Re8+ Kg7 34. Be5+
f6 35. Re7+ Kg6 36. Nxa5 Bxa5 37. Re6 Bxc3 38. Rxf6+ Kh7 39. Rd6 Bb4 40. Rxd5
c3 41. Rd7+ Kg8 42. Rc7 Nd3 43. Rc4 Nb2 44. Rxb4 c2 45. Rb8+ 1-0

[Event "Frankfurt Ch A 2017"]
[Site "Ffm-Höchst, BiKuZ"]
[Date "2017.05.15"]
[Round "4.37"]
[White "John, Volkmar"]
[Black "Pabel, Ralph"]
[Result "0-1"]
[WhiteElo "1673"]
[BlackElo "1885"]
[PlyCount "94"]
[EventDate "2017.??.??"]
[WhiteTeam "SK Herborn"]
[BlackTeam "SK Mainaschaff"]

1. c4 c5 2. g3 Nf6 3. Nc3 d5 4. cxd5 Nxd5 5. Bg2 e6 6. Nf3 Be7 7. O-O O-O 8. e4
Nb4 9. d4 N8c6 10. a3 cxd4 11. Nb5 Qb6 12. Nbxd4 Bc5 13. Nxc6 Nxc6 14. b4 Be7
15. Bb2 a5 16. Bd4 Nxd4 17. Qxd4 Qxd4 18. Nxd4 axb4 19. axb4 Rxa1 20. Rxa1 Bxb4
21. Rb1 Bc5 22. Nb3 Bb6 23. Nd2 Bd4 24. e5 Rd8 25. Bxb7 Bxb7 26. Rxb7 Bxf2+ 27.
Kxf2 Rxd2+ 28. Ke3 Rd8 29. h4 h5 30. Rb5 Kh7 31. Rb6 Kg6 32. Ke4 Rc8 33. Rb4
Rc6 34. Ra4 Rc1 35. Rb4 Rg1 36. Kf4 Rf1+ 37. Ke4 f6 38. exf6 Kxf6 39. Rb5 g6
40. Rg5 Rf5 41. Rxf5+ gxf5+ 42. Kd4 e5+ 43. Kc4 f4 44. gxf4 exf4 45. Kd4 Kf5
46. Kd3 Kg4 47. Ke2 Kxh4 0-1

[Event "Frankfurt Ch A 2017"]
[Site "Ffm-Höchst, BiKuZ"]
[Date "2017.05.15"]
[Round "4.38"]
[White "Rauscher, Joachim"]
[Black "Vega Lopez de Nava, Cesar Octavi"]
[Result "0-1"]
[WhiteElo "1666"]
[BlackElo "1859"]
[PlyCount "78"]
[EventDate "2017.??.??"]
[WhiteTeam "SC Brett vorm Kopp"]
[BlackTeam "SV Rüsselsheim"]

1. e4 c5 2. Nf3 Nc6 3. d4 cxd4 4. Nxd4 e5 5. Nb5 d6 6. N1c3 a6 7. Na3 Be7 8.
Nd5 Be6 9. c3 Nf6 10. Nxf6+ Bxf6 11. Bc4 O-O 12. O-O Rc8 13. Bd5 b5 14. Nc2 Qc7
15. Ne3 Bg5 16. Bxc6 Bxe3 17. Bxe3 Qxc6 18. f3 Bc4 19. Rf2 f5 20. exf5 Rxf5 21.
Rd2 Rd8 22. b3 Be6 23. Rc1 d5 24. c4 Rc8 25. Rd3 bxc4 26. bxc4 d4 27. Bf2 Bxc4
28. Qd2 Qe6 29. Ra3 Rcf8 30. Qb4 Bb5 31. Re1 Qd5 32. Qe7 R8f7 33. Qh4 d3 34.
Rd1 Rf4 35. Qg3 R4f6 36. Rc1 d2 37. Rd1 Be2 38. Rxd2 Qxd2 39. h3 Qc1+ 0-1

[Event "Frankfurt Ch A 2017"]
[Site "Ffm-Höchst, BiKuZ"]
[Date "2017.05.15"]
[Round "4.39"]
[White "Schellen, Sven"]
[Black "Hambel, Christoph"]
[Result "1/2-1/2"]
[WhiteElo "1801"]
[BlackElo "1637"]
[PlyCount "20"]
[EventDate "2017.??.??"]
[WhiteTeam "SF Frankfurt"]
[BlackTeam "Bad Vilbeler Sfr"]

1. d4 d5 2. c4 c6 3. Nf3 Nf6 4. Qc2 dxc4 5. Qxc4 g6 6. Nbd2 Bg7 7. g3 O-O 8.
Bg2 Nbd7 9. O-O Re8 10. b3 Nb6 1/2-1/2

[Event "Frankfurt Ch A 2017"]
[Site "Ffm-Höchst, BiKuZ"]
[Date "2017.05.15"]
[Round "4.40"]
[White "Varma, Christopher"]
[Black "Imelmann, Esther"]
[Result "1-0"]
[WhiteElo "1783"]
[BlackElo "1597"]
[PlyCount "43"]
[EventDate "2017.??.??"]
[WhiteTeam "SC Bad Nauheim"]
[BlackTeam "Vorw.Orient Mainz"]

1. e4 e6 2. d4 d5 3. Nc3 Bb4 4. Bd3 Qd7 5. Qg4 Ne7 6. Qxg7 Rg8 7. Qxh7 Rxg2 8.
Nge2 Ng6 9. Qh3 Rxf2 10. Kxf2 Be7 11. exd5 Bh4+ 12. Kg2 Qe7 13. Bxg6 fxg6 14.
Rf1 Na6 15. Qg4 Qh7 16. dxe6 b6 17. Qf3 Bxe6 18. Qxa8+ Kd7 19. Rf8 Bh3+ 20. Kg1
Bf2+ 21. Rxf2 Bf5 22. Bg5 1-0

[Event "Frankfurt Ch A 2017"]
[Site "Ffm-Höchst, BiKuZ"]
[Date "2017.05.15"]
[Round "4.41"]
[White "Fischer, Lutz"]
[Black "Wolff, Juergen"]
[Result "0-1"]
[WhiteElo "1609"]
[BlackElo "1752"]
[PlyCount "50"]
[EventDate "2017.??.??"]
[WhiteTeam "SF Frankfurt"]
[BlackTeam "SC Somborn"]

1. e4 c5 2. Nf3 d6 3. Bb5+ Bd7 4. Bxd7+ Qxd7 5. c4 Nc6 6. Nc3 Nf6 7. O-O g6 8.
d4 cxd4 9. Nxd4 Bg7 10. Nde2 O-O 11. Rb1 Qe6 12. b3 Nxe4 13. Nd5 Qd7 14. Re1 e6
15. Ndf4 Qd8 16. Qc2 d5 17. Ba3 Re8 18. Rbd1 Qa5 19. Bc1 Rad8 20. a3 Nc3 21. b4
Nxb4 22. axb4 Qxb4 23. cxd5 Nxd1 24. Rxd1 exd5 25. Nxd5 Rxd5 0-1

[Event "Frankfurt Ch A 2017"]
[Site "Ffm-Höchst, BiKuZ"]
[Date "2017.05.15"]
[Round "4.42"]
[White "Diehl, Stefan"]
[Black "Winter, Olaf"]
[Result "1-0"]
[WhiteElo "1749"]
[BlackElo "1597"]
[PlyCount "103"]
[EventDate "2017.??.??"]
[WhiteTeam "SC Höchst"]
[BlackTeam "SK Bad Homburg"]

1. f4 c5 2. Nf3 g6 3. g3 Bg7 4. Bg2 d5 5. c3 e6 6. d3 Ne7 7. O-O O-O 8. Qc2
Nbc6 9. e4 b6 10. Nh4 Bd7 11. Na3 a6 12. Qe2 Re8 13. Nc2 Rc8 14. Bd2 b5 15.
Rab1 Qb6 16. Kh1 a5 17. Qf2 d4 18. g4 f5 19. gxf5 exf5 20. e5 Be6 21. b3 Rcd8
22. c4 Nb4 23. Nxb4 axb4 24. Rg1 bxc4 25. bxc4 Rd7 26. a3 b3 27. a4 Nc6 28. a5
Nxa5 29. Bxa5 Qxa5 30. Rxb3 Ra7 31. Qg3 Bh6 32. Bc6 Rc8 33. Rb5 Qd2 34. Bb7
Bxf4 35. Qg2 Rc7 36. Qxd2 Bxd2 37. Bd5 Ra6 38. Bxe6+ Rxe6 39. Nxf5 Rxe5 40.
Rb8+ Kf7 41. Nd6+ Ke6 42. Rb6 Ke7 43. Ne4 Bf4 44. Ra1 Rh5 45. Ra2 Rh3 46. Re2
Be3 47. Kg2 Rh4 48. Nf6 Kf7 49. Kg3 Rh6 50. Nd5 Rd7 51. Rc6 Rh5 52. Nxe3 1-0

[Event "Frankfurt Ch A 2017"]
[Site "Ffm-Höchst, BiKuZ"]
[Date "2017.05.15"]
[Round "4.43"]
[White "Benikhis, Avram"]
[Black "Hagel, Stephan"]
[Result "1-0"]
[WhiteElo "1743"]
[BlackElo "1570"]
[PlyCount "69"]
[EventDate "2017.??.??"]
[WhiteTeam "SC Eschbach"]
[BlackTeam "SK Hungen"]

1. d4 Nf6 2. c4 e6 3. Nf3 b6 4. Nc3 Bb4 5. Qc2 O-O 6. a3 Bxc3+ 7. Qxc3 Bb7 8.
Bg5 d6 9. e3 Nbd7 10. Be2 Rc8 11. Bh4 c5 12. O-O Ba6 13. b3 cxd4 14. Qxd4 d5
15. Rac1 Qe8 16. Ne5 Nxe5 17. Qxe5 Nd7 18. Qd6 f6 19. Qb4 Ne5 20. Rfe1 dxc4 21.
bxc4 Rc5 22. Bg3 Nf7 23. Rc3 e5 24. Bf3 Nd6 25. Bd5+ Kh8 26. e4 Qe7 27. f3 Rfc8
28. Rec1 Qc7 29. Bf2 Bxc4 30. Bxc5 bxc5 31. Rxc4 Nxc4 32. Qxc4 Qa5 33. Qc3 Qxc3
34. Rxc3 g6 35. Kf2 1-0

[Event "Frankfurt Ch A 2017"]
[Site "Ffm-Höchst, BiKuZ"]
[Date "2017.05.15"]
[Round "4.44"]
[White "Krischak, Werner"]
[Black "Ketting, Douwe"]
[Result "1-0"]
[WhiteElo "1719"]
[BlackElo "1452"]
[PlyCount "43"]
[EventDate "2017.??.??"]
[WhiteTeam "SK Marburg"]
[BlackTeam "SC Somborn"]

1. d4 Nf6 2. Nf3 g6 3. c4 Bg7 4. Nc3 d5 5. Bf4 a6 6. e3 O-O 7. Qb3 c6 8. Be2
Qa5 9. O-O Nbd7 10. h3 Ne4 11. cxd5 Nxc3 12. bxc3 Qxd5 13. c4 Qa5 14. c5 Nxc5
15. dxc5 Bxa1 16. Rxa1 Qxc5 17. Bh6 Re8 18. Ng5 Qf5 19. Bc4 e6 20. Qc3 f6 21.
f4 Re7 22. g4 1-0

[Event "Frankfurt Ch A 2017"]
[Site "Ffm-Höchst, BiKuZ"]
[Date "2017.05.15"]
[Round "4.45"]
[White "Merten, Rainer"]
[Black "Gude, Michael"]
[Result "1-0"]
[WhiteElo "1709"]
[BlackElo "1520"]
[PlyCount "88"]
[EventDate "2017.??.??"]
[WhiteTeam "SV Frankfurt Nord"]
[BlackTeam "SF Fürth"]

1. d4 e6 2. Nf3 f5 3. c4 Nf6 4. e3 Be7 5. Nc3 O-O 6. Bd3 b6 7. O-O Bb7 8. a3
Qe8 9. Re1 a6 10. b4 Qh5 11. Be2 Qe8 12. Bb2 d6 13. Rc1 Ne4 14. d5 Bf6 15. Nd4
Nxc3 16. Bxc3 Bc8 17. dxe6 Bxe6 18. Bf3 c6 19. e4 f4 20. Nxe6 Qxe6 21. Bxf6
Qxf6 22. Qd3 Ra7 23. Red1 Rd7 24. Rc2 g6 25. Rcd2 h5 26. Qe2 Qe5 27. Qd3 Rf6
28. Qd4 Qxd4 29. Rxd4 Re6 30. c5 b5 31. Rxd6 Rexd6 32. cxd6 Kf7 33. e5 Ke6 34.
Re1 a5 35. g3 axb4 36. axb4 Rf7 37. Bd1 Rf8 38. Bb3+ Kd7 39. Rd1 fxg3 40. hxg3
Rf5 41. e6+ Kd8 42. Ra1 Kc8 43. Ra7 Re5 44. Rc7+ Kd8 1-0

[Event "Frankfurt Ch A 2017"]
[Site "Ffm-Höchst, BiKuZ"]
[Date "2017.05.15"]
[Round "4.46"]
[White "Hofmann, Werner"]
[Black "Koellner, Ulrich"]
[Result "1/2-1/2"]
[WhiteElo "1590"]
[BlackElo "1706"]
[PlyCount "25"]
[EventDate "2017.??.??"]
[WhiteTeam "SV Kelsterbach"]
[BlackTeam "SV Hofheim"]

1. d4 Nf6 2. e3 d6 3. Bd3 e5 4. Nd2 Be7 5. c3 O-O 6. Ne2 Nbd7 7. O-O b6 8. f3
Nd5 9. Ne4 Kh8 10. N4g3 exd4 11. exd4 Rb8 12. Qd2 c6 13. Nf5 1/2-1/2

[Event "Frankfurt Ch A 2017"]
[Site "Ffm-Höchst, BiKuZ"]
[Date "2017.05.15"]
[Round "4.47"]
[White "Midanka, Vladimir Josef"]
[Black "Breitbach, Stephan"]
[Result "1-0"]
[WhiteElo "1705"]
[BlackElo "1503"]
[PlyCount "49"]
[EventDate "2017.??.??"]
[WhiteTeam "SC Brett vorm Kopp"]
[BlackTeam "SC Landskrone"]

1. Nf3 d5 2. e4 dxe4 3. Ng5 Nf6 4. Bc4 e6 5. Qe2 Be7 6. Nc3 O-O 7. Ncxe4 Nxe4
8. Nxe4 Nc6 9. c3 Ne5 10. d4 Nxc4 11. Qxc4 Bd7 12. Be3 a6 13. O-O-O Bb5 14. Qb3
Qe8 15. Qc2 Bc4 16. h4 b5 17. Ng5 Bxg5 18. hxg5 g6 19. Rh6 f5 20. gxf6 Rxf6 21.
Rdh1 Rf7 22. Qe4 Bxa2 23. Qh4 Qd7 24. Rxg6+ Kf8 25. Bh6+ 1-0

[Event "Frankfurt Ch A 2017"]
[Site "Ffm-Höchst, BiKuZ"]
[Date "2017.05.15"]
[Round "4.48"]
[White "Henrich, Frederik"]
[Black "Masoudi, Kian"]
[Result "1-0"]
[WhiteElo "1693"]
[BlackElo "1403"]
[PlyCount "131"]
[EventDate "2017.??.??"]
[WhiteTeam "SV Hofheim"]
[BlackTeam "SC Bergen-Enkheim"]

1. e4 e5 2. Bc4 Nf6 3. d3 d5 4. exd5 Nxd5 5. Nf3 Nc6 6. O-O Be7 7. Re1 Bg4 8.
h3 Bxf3 9. Qxf3 Nf6 10. Bb5 Qd6 11. Bxc6+ bxc6 12. Rxe5 Nd7 13. Re2 O-O 14. Bf4
Qb4 15. c3 Qb6 16. Bxc7 Qxc7 17. Rxe7 Qd6 18. Qe2 Nf6 19. Na3 Nd5 20. Re4 Nxc3
21. bxc3 Qxa3 22. Qd2 Rab8 23. Rb4 Rbd8 24. Rab1 Qa6 25. d4 Rfe8 26. Re1 Rxe1+
27. Qxe1 Qxa2 28. Rb7 a5 29. Re7 Kf8 30. Re2 Qc4 31. Re5 a4 32. Ra5 Re8 33. Qa1
Qe2 34. Rxa4 Qe1+ 35. Qxe1 Rxe1+ 36. Kh2 Ke7 37. Ra7+ Ke6 38. Rc7 h5 39. Rxc6+
Kd7 40. Rc5 g6 41. Kg3 Rd1 42. Kf3 Kd6 43. Ke2 Ra1 44. g3 h4 45. gxh4 Rh1 46.
Kf3 Rxh3+ 47. Kg4 Rh1 48. c4 Rg1+ 49. Kf3 Rh1 50. Kg3 Rg1+ 51. Kh2 Rf1 52. Kg2
Rd1 53. Rd5+ Ke6 54. f3 Rd2+ 55. Kg3 Rd1 56. Re5+ Kd6 57. c5+ Kc6 58. Re4 Rg1+
59. Kf4 f6 60. Re6+ Kd5 61. Rd6+ Kc4 62. c6 Rc1 63. d5 Kc5 64. Rd7 Kb6 65. Rb7+
Kc5 66. Rd7 1-0

[Event "Frankfurt Ch A 2017"]
[Site "Ffm-Höchst, BiKuZ"]
[Date "2017.05.15"]
[Round "4.49"]
[White "Moritz, Dennis"]
[Black "Leichum, Engelbert"]
[Result "1-0"]
[WhiteElo "1526"]
[BlackElo "1688"]
[PlyCount "77"]
[EventDate "2017.??.??"]
[WhiteTeam "SK Hungen"]
[BlackTeam "vereinslos"]

1. d4 Nf6 2. c4 e5 3. dxe5 Ng4 4. Bf4 Nc6 5. Nf3 Bb4+ 6. Nbd2 Qe7 7. a3 Ngxe5
8. Nxe5 Nxe5 9. e3 Bxd2+ 10. Qxd2 a5 11. Be2 O-O 12. O-O b6 13. Qd5 Nc6 14.
Bxc7 Bb7 15. Bd6 Qf6 16. Bxf8 Rxf8 17. Rab1 Nd8 18. Qd4 Qg6 19. Qg4 Qf6 20.
Qxd7 Bc6 21. Qd4 Qg6 22. Qg4 Qf6 23. Bf3 Re8 24. Bxc6 Nxc6 25. Qf4 Qg6 26. Rbd1
Ne5 27. Qxe5 f6 28. Qd5+ Kh8 29. Qc6 h6 30. Qxb6 Kh7 31. Rd8 Re5 32. Rd5 Re4
33. Rd4 Re5 34. h4 Qc2 35. b4 a4 36. c5 Qb3 37. Qb5 Rxe3 38. c6 Re5 39. Qd3+
1-0

[Event "Frankfurt Ch A 2017"]
[Site "Ffm-Höchst, BiKuZ"]
[Date "2017.05.15"]
[Round "4.50"]
[White "Wich, Manuela"]
[Black "Adair, Robin"]
[Result "0-1"]
[WhiteElo "1494"]
[BlackElo "1685"]
[PlyCount "120"]
[EventDate "2017.??.??"]
[WhiteTeam "Niederräder TG"]
[BlackTeam "SC Nidderau"]

1. Nf3 Nf6 2. b3 g6 3. Bb2 Bg7 4. g3 O-O 5. Bg2 d5 6. d3 c5 7. O-O Nc6 8. Nbd2
Bg4 9. Ne5 Nxe5 10. Bxe5 Qd7 11. Rb1 Bh3 12. Bxf6 Bxf6 13. Re1 Bg4 14. Nf3 Bc3
15. Rf1 Rad8 16. Qc1 Bg7 17. c4 Bh3 18. Ng5 Bxg2 19. Kxg2 Bh6 20. h4 f6 21. Rh1
fxg5 22. hxg5 Bg7 23. Rh3 Qf5 24. f3 Rf7 25. Rh4 Qe6 26. Qc2 Qe3 27. Rbh1 Bd4
28. Rf1 dxc4 29. bxc4 Rd6 30. f4 Re6 31. Rh2 Qxe2+ 32. Qxe2 Rxe2+ 33. Kh3 Rxh2+
34. Kxh2 e5 35. Kh3 Kf8 36. Kg4 Ke7 37. Re1 Kd6 38. Rb1 b6 39. a4 Re7 40. Kf3
exf4 41. gxf4 Re3+ 42. Kg4 Rxd3 43. Rh1 Bf2 44. f5 gxf5+ 45. Kxf5 Rf3+ 46. Ke4
Rf7 47. Rh6+ Kd7 48. g6 hxg6 49. Rxg6 Be1 50. Rg8 Kc7 51. Rg6 Kb7 52. Kd5 Rd7+
53. Ke6 Rd4 54. Rg7+ Ka6 55. Re7 Re4+ 56. Kd7 Rxe7+ 57. Kxe7 Ka5 58. Kd7 Kxa4
59. Kc7 Kb4 60. Kb7 a5 0-1

[Event "Frankfurt Ch A 2017"]
[Site "Ffm-Höchst, BiKuZ"]
[Date "2017.05.15"]
[Round "4.51"]
[White "Ackermann, Robert"]
[Black "Stulken, Dietmar"]
[Result "1-0"]
[WhiteElo "1683"]
[BlackElo "1358"]
[PlyCount "31"]
[EventDate "2017.??.??"]
[WhiteTeam "SC Bad Soden"]
[BlackTeam "SF Frankfurt"]

1. d4 d5 2. Nf3 Nf6 3. Bf4 c6 4. e3 e6 5. Nbd2 Bd6 6. Bd3 Bxf4 7. exf4 O-O 8.
O-O Qc7 9. Ne5 Nbd7 10. c3 g6 11. Ndf3 Ne4 12. Bxe4 dxe4 13. Ng5 f5 14. Nxe6
Qd8 15. Nxd8 Rxd8 16. Qb3+ 1-0

[Event "Frankfurt Ch A 2017"]
[Site "Ffm-Höchst, BiKuZ"]
[Date "2017.05.15"]
[Round "4.52"]
[White "Benninger, Rudolf"]
[Black "Lessmann, Sven"]
[Result "1-0"]
[WhiteElo "1958"]
[BlackElo "1398"]
[PlyCount "43"]
[EventDate "2017.??.??"]
[WhiteTeam "SC Heusenstamm"]
[BlackTeam "SC Bad Soden"]

1. e4 d6 2. d4 Nf6 3. Nc3 g6 4. f4 Bg7 5. Nf3 O-O 6. Bd3 c6 7. O-O Qc7 8. a4 a5
9. Kh1 Rd8 10. Qe2 Na6 11. e5 dxe5 12. fxe5 Nd5 13. Ng5 f6 14. exf6 Nxf6 15.
Bc4+ Nd5 16. Bf4 Qd7 17. Qe4 e6 18. Rae1 Nac7 19. Be5 Re8 20. Rf7 Re7 21. Ref1
Bh6 22. Qh4 1-0

[Event "Frankfurt Ch A 2017"]
[Site "Ffm-Höchst, BiKuZ"]
[Date "2017.05.15"]
[Round "4.53"]
[White "Lehmann, Gerit"]
[Black "Liebske, Reiner"]
[Result "1/2-1/2"]
[WhiteElo "1568"]
[BlackElo "1824"]
[PlyCount "107"]
[EventDate "2017.??.??"]
[WhiteTeam "SF Frankfurt"]
[BlackTeam "SV Frankfurt Nord"]

1. d4 Nf6 2. c4 e6 3. Nc3 d5 4. cxd5 exd5 5. Bf4 c6 6. e3 Bd6 7. Bxd6 Qxd6 8.
Qc2 O-O 9. Nf3 Re8 10. Be2 Nbd7 11. O-O b6 12. Rac1 Bb7 13. Bd3 h6 14. Rfe1
Rac8 15. e4 dxe4 16. Nxe4 Nxe4 17. Bxe4 Nf6 18. Bf5 Rxe1+ 19. Rxe1 Rd8 20. Qe2
Kf8 21. Qe5 Nd5 22. Qxd6+ Rxd6 23. Ne5 Ne7 24. Bc2 Rxd4 25. Rd1 Rxd1+ 26. Bxd1
f6 27. Nc4 c5 28. Ne3 Ng6 29. Bc2 Nf4 30. f3 Ne2+ 31. Kf2 Nd4 32. Bd3 Ke7 33.
Nf5+ Nxf5 34. Bxf5 Kd6 35. Ke3 Ke5 36. Bd3 g5 37. g4 Bc6 38. a3 b5 39. Bc2 a5
40. b3 Bd5 41. Bd1 c4 42. b4 axb4 43. axb4 Be6 44. Be2 f5 45. gxf5 Bxf5 46. Bf1
Kd5 47. Be2 Bd3 48. Bxd3 cxd3 49. Kxd3 Ke5 50. Ke3 h5 51. Kd3 Kf4 52. Ke2 g4
53. fxg4 hxg4 54. Kf2 1/2-1/2

[Event "Frankfurt Ch A 2017"]
[Site "Ffm-Höchst, BiKuZ"]
[Date "2017.05.15"]
[Round "4.54"]
[White "Fritsch, Reinhold"]
[Black "Dohmes, Swidbert"]
[Result "0-1"]
[WhiteElo "1476"]
[BlackElo "1581"]
[PlyCount "88"]
[EventDate "2017.??.??"]
[WhiteTeam "SC Somborn"]
[BlackTeam "SV Hofheim"]

1. e4 e5 2. f4 exf4 3. Nf3 Be7 4. Bc4 Nf6 5. Nc3 Nxe4 6. O-O Nxc3 7. dxc3 O-O
8. Bxf4 Nc6 9. Qd5 d6 10. Qh5 Be6 11. Bd3 g6 12. Qh6 Qd7 13. Rae1 Bf6 14. Bg5
Bg7 15. Qh4 Bd5 16. Bf6 Bxf6 17. Qxf6 Bxf3 18. Rxf3 Ne5 19. Rh3 Rae8 20. Qh4 f5
21. Rhe3 f4 22. Bc4+ Kh8 23. Re4 f3 24. Rxe5 Rxe5 25. gxf3 Rxe1+ 26. Qxe1 Re8
27. Qf2 Qe7 28. Qd4+ Qe5 29. Qf2 Qe1+ 30. Qxe1 Rxe1+ 31. Kf2 Re5 32. Bd3 Kg7
33. f4 Re7 34. Kf3 Kf6 35. h4 h5 36. c4 Re1 37. b3 Rg1 38. a3 Rg4 39. a4 Rxh4
40. Kg3 Rg4+ 41. Kf3 g5 42. fxg5+ Kxg5 43. Bf1 Rf4+ 44. Kg2 h4 0-1

[Event "Frankfurt Ch A 2017"]
[Site "Ffm-Höchst, BiKuZ"]
[Date "2017.05.17"]
[Round "4.57"]
[White "Klikic, Drazen"]
[Black "Popp, Matthias"]
[Result "1/2-1/2"]
[WhiteElo "1421"]
[BlackElo "1533"]
[PlyCount "74"]
[EventDate "2017.??.??"]
[WhiteTeam "SC Nied"]
[BlackTeam "SC Bergen-Enkheim"]

1. e4 c5 2. Nf3 Nc6 3. d4 cxd4 4. Nxd4 e5 5. Nb5 d6 6. N1c3 a6 7. Na3 b5 8. Nd5
h6 9. c4 b4 10. Nc2 a5 11. g3 Nf6 12. Bg2 Ba6 13. Nce3 Nd4 14. Nf5 Nxd5 15.
Nxd4 Nf6 16. Qa4+ Nd7 17. Nb5 Be7 18. Bd2 O-O 19. a3 Nc5 20. Qc2 b3 21. Qc3 a4
22. O-O Bb7 23. Rfe1 Qb6 24. Rad1 f5 25. Be3 fxe4 26. Bxc5 Qxc5 27. Qd2 Rf6 28.
Bxe4 Bxe4 29. Rxe4 Raf8 30. Re2 Qxc4 31. Qd5+ Qxd5 32. Rxd5 Rc8 33. Nc3 Rc4 34.
Kg2 Bd8 35. Ne4 Rf8 36. Nc3 Bc7 37. Re4 Rxe4 1/2-1/2

[Event "Frankfurt Ch A 2017"]
[Site "Ffm-Höchst, BiKuZ"]
[Date "2017.05.15"]
[Round "4.58"]
[White "Richter, Wolfram"]
[Black "Friedel, Thomas"]
[Result "0-1"]
[WhiteElo "1531"]
[BlackElo "1481"]
[PlyCount "60"]
[EventDate "2017.??.??"]
[WhiteTeam "SK Bad Sooden-Allendorf"]
[BlackTeam "SV Groß-Gerau"]

1. Nf3 d5 2. g3 Nf6 3. Bg2 Bg4 4. c4 c6 5. cxd5 cxd5 6. d4 Nc6 7. Nc3 e6 8. Ne5
Nxe5 9. dxe5 Nd7 10. f4 Bc5 11. Bd2 O-O 12. Qa4 Rc8 13. e3 Nb6 14. Qc2 Nc4 15.
h3 Bxe3 16. hxg4 Bxd2+ 17. Ke2 g6 18. Qd3 Qb6 19. Nd1 Bb4 20. b3 Na3 21. Ne3
Rc3 22. Qd2 Rc2 23. Nxc2 Bxd2 24. Nxa3 Qe3+ 25. Kf1 Rc8 26. Rd1 Rc1 27. Rxc1
Bxc1 28. Bh3 Qf3+ 29. Kg1 Qxg3+ 30. Kf1 Bxa3 0-1

[Event "Frankfurt Ch A 2017"]
[Site "Ffm-Höchst, BiKuZ"]
[Date "2017.05.15"]
[Round "4.59"]
[White "Urbach, Jens"]
[Black "Lopez, Victor"]
[Result "0-1"]
[WhiteElo "1407"]
[BlackElo "1526"]
[PlyCount "86"]
[EventDate "2017.??.??"]
[WhiteTeam "SF Frankfurt"]
[BlackTeam "SC Höchst"]

1. e4 c6 2. d4 d5 3. exd5 cxd5 4. Nf3 Bf5 5. Be2 Nc6 6. a3 Nf6 7. O-O e6 8. Nc3
Be7 9. h3 O-O 10. Be3 a6 11. Nh4 Bg6 12. Nxg6 hxg6 13. Bf3 Rc8 14. Ne2 Na5 15.
b3 b5 16. Bd2 Qb6 17. Qe1 Bd8 18. Bxa5 Qxa5 19. Qxa5 Bxa5 20. b4 Bb6 21. c3 Ne4
22. Bxe4 dxe4 23. Rac1 Rc4 24. Ng3 f5 25. Rfe1 Rfc8 26. Ne2 Kf7 27. Rc2 Bxd4
28. Nxd4 Rxd4 29. Kf1 Rd3 30. Rec1 Rc4 31. Ke2 Ke7 32. f3 Rd6 33. f4 Rd3 34. h4
Kf6 35. Ke1 e5 36. fxe5+ Kxe5 37. Ke2 Kf4 38. Kf2 Kg4 39. Ke2 Kg3 40. Rh1 Kg4
41. Rh3 Rxh3 42. gxh3+ Kxh4 43. Ke3 g5 0-1

[Event "Frankfurt Ch A 2017"]
[Site "Ffm-Höchst, BiKuZ"]
[Date "2017.05.15"]
[Round "4.60"]
[White "Neuhaus, Joachim"]
[Black "Bernhardt, Winfried"]
[Result "0-1"]
[WhiteElo "1520"]
[BlackElo "1458"]
[PlyCount "76"]
[EventDate "2017.??.??"]
[WhiteTeam "SC Somborn"]
[BlackTeam "SV Nauheim"]

1. e4 e5 2. Nf3 d6 3. Nc3 Nf6 4. d4 exd4 5. Qxd4 Be7 6. Bg5 O-O 7. O-O-O Nc6 8.
Qd2 Bg4 9. Be2 Bxf3 10. Bxf3 Ne5 11. Be2 Nfg4 12. Bxe7 Qxe7 13. Bxg4 Nxg4 14.
h3 Ne5 15. f4 Nc4 16. Qd5 Ne3 17. Qxb7 Nxd1 18. Rxd1 Rfb8 19. Qc6 Rc8 20. Nd5
Qd8 21. e5 dxe5 22. fxe5 Qg5+ 23. Kb1 Qxe5 24. c4 Rab8 25. b3 Kh8 26. b4 h6 27.
Rd2 a5 28. b5 Qf5+ 29. Kb2 Qe5+ 30. Kb3 Qg3+ 31. Ka4 Qe1 32. Rb2 Qd1+ 33. Ka3
a4 34. Nxc7 Qc1 35. Qf3 Rxc7 36. Qg3 Rbc8 37. b6 Rb7 38. Qd6 Qc3+ 0-1

[Event "Frankfurt Ch B 2017"]
[Site "Ffm-Höchst, BiKuZ"]
[Date "2017.05.15"]
[Round "4.1"]
[White "Björknes, Uwe"]
[Black "Gade, Bernt"]
[Result "1-0"]
[WhiteElo "1450"]
[BlackElo "1447"]
[PlyCount "69"]
[EventDate "2017.??.??"]
[WhiteTeam "SC Bergen-Enkheim"]
[BlackTeam "FV Berkersheim"]

1. e4 c5 2. c4 Nc6 3. Nc3 g6 4. Nf3 Bg7 5. d3 d6 6. g3 Bg4 7. h3 Bd7 8. Bg2 Nf6
9. Be3 Rb8 10. Qd2 a6 11. Rb1 O-O 12. Bh6 Nd4 13. Bxg7 Kxg7 14. Nxd4 cxd4 15.
Ne2 e5 16. O-O b5 17. b3 Qc8 18. Kh2 Qc5 19. f4 Rb6 20. b4 Qc7 21. fxe5 dxe5
22. c5 Rb7 23. Qg5 Ng8 24. Nc1 a5 25. a3 axb4 26. axb4 Be6 27. Nb3 Bxb3 28.
Rxb3 Ra7 29. Rb2 Ra3 30. Qd2 Rfa8 31. h4 Ne7 32. Qf2 Nc6 33. Qf6+ Kg8 34. h5
gxh5 35. Rf5 $138 1-0

[Event "Frankfurt Ch B 2017"]
[Site "Ffm-Höchst, BiKuZ"]
[Date "2017.05.15"]
[Round "4.2"]
[White "Mayer, Rolf"]
[Black "Both, Günter"]
[Result "1/2-1/2"]
[WhiteElo "1340"]
[BlackElo "1427"]
[PlyCount "46"]
[EventDate "2017.??.??"]
[WhiteTeam "SC Flörsheim"]
[BlackTeam "SK Bischofsheim"]

1. d4 d5 2. Nf3 Nf6 3. Bf4 Bf5 4. e3 e6 5. c4 c6 6. a3 Qa5+ 7. Nbd2 Nbd7 8. b4
Qd8 9. h3 dxc4 10. Nxc4 Nb6 11. Nfe5 Nxc4 12. Nxc4 Nd5 13. Bh2 Nb6 14. Rc1 Nxc4
15. Bxc4 Bd6 16. Bxd6 Qxd6 17. O-O O-O 18. Bd3 Bxd3 19. Qxd3 e5 20. Rfd1 Rad8
21. Qc2 Qe7 22. dxe5 Qxe5 23. Rd3 Rde8 1/2-1/2